00217 a2200097 4500020001500000040001700015082001000032100002200042245003600064260001900100 a014062046X aDLCbEnglish a823.81 aDickens, Charles.10aOliver Twist cCharles Dickens. bPenguin Books,